| 000 | 00891nam a22002650a 4500 | ||
|---|---|---|---|
| 001 | PT27638 | ||
| 003 | AR-LpoUNG | ||
| 005 | 20210202000950.0 | ||
| 008 | 191001s2008||||ag |||||||||||||||||spa d | ||
| 040 |
_aAR-LpoUNG _bspa _cAR-LpoUNG _eaacr |
||
| 041 | _aspa | ||
| 044 | _aag | ||
| 082 | 0 | _a410 864tex | |
| 100 | 1 |
_aLópez Casanova, Martina _ecoor. |
|
| 245 | 1 | 4 |
_aLos textos y el mundo : _buna propuesta integral para la enseñanza de la lectura y la escritura |
| 260 |
_aBuenos Aires : _bUniversidad Nacional de General Sarmiento, _c2008. |
||
| 300 |
_a187 p. : _btbls. |
||
| 505 | 0 | _aEl ítem 29797 corresponde a la primera parte, hasta el capítulo 4. | |
| 650 | 4 | _aESCRITURA | |
| 650 | 4 | _aLECTURA | |
| 651 | 4 | _aDOCUMENTOS TEORICOS O METODOLOGICOS | |
| 710 | 2 | _aUniversidad Nacional de General Sarmiento. Taller de Lectoescritura - CAU | |
| 905 | _a27638 | ||
| 942 | _cFOTOC | ||
| 999 |
_c55286 _d55286 |
||